12 pays d'Europe qui ont encore un roi ou une reine à leur tête ? - Statistiques

Statistiques générales
  • Ce quiz a été pris 192 fois
  • Le résultat moyen est 10 sur 12
Statistiques - réponses
Pays % Correct
Royaume-Uni
98%
Espagne
97%
Norvège
92%
Suède
92%
Belgique
91%
Danemark
87%
Monaco
81%
Pays-Bas
80%
Luxembourg
74%
Andorre
70%
Liechtenstein
70%
Vatican
65%
Aucun quiz correspondant
Distribution des résultats
% des personnes avec chaque résultat
Percentile par nombre de réponses
Votre historique - résultats
Vous n’avez pas pris ce quiz